[Event "Piestany Slovakia op-B"]
[Site "Piestany"]
[Date "2022.07.12"]
[Round "2"]
[White "Sevcik, Ondrej"]
[Black "Volanek, Maros"]
[Result "1/2-1/2"]
[WhiteElo "1042"]
[BlackElo "1556"]
[PlyCount "65"]
[EventDate "2022.07.11"]
[EventType "swiss"]
[EventRounds "9"]
[EventCountry "SVK"]
[SourceTitle "CBM 209 Extra"]
[Source "ChessBase"]
[SourceDate "2022.09.30"]
[SourceVersion "1"]
[SourceVersionDate "2022.09.30"]
[SourceQuality "1"]

1. e4 e6 2. d4 d5 3. exd5 exd5 4. Nf3 Bd6 5. h3 c6 6. Bd3 Nf6 7. 0-0 0-0 8. Bg5 Be6 9. Re1 Nbd7 10. Nbd2 Qb6 11. Rb1 c5 12. c3 c4 13. Bc2 Qa5 14. Ra1 b5 15. a3 Qc7 16. Bxf6 Nxf6 17. Ne5 Rfe8 18. Ndf3 Nd7 19. Nxd7 Bxd7 20. Qb1 h6 21. Bf5 Rxe1+ 22. Nxe1 Re8 23. Bxd7 Qxd7 24. Nf3 Re2 25. Kf1 Re6 26. Qc2 a5 27. Re1 Rxe1+ 28. Kxe1 b4 29. axb4 axb4 30. Kf1 b3 31. Qb1 Qa4 32. Nd2 Ba3 33. bxa3 1/2-1/2

[Event "Skalica op-B"]
[Site "Skalica"]
[Date "2021.08.23"]
[Round "3"]
[White "Benci, Jozef1111"]
[Black "Sevcik, Ondrej"]
[Result "1/2-1/2"]
[WhiteElo "1339"]
[BlackElo "1037"]
[PlyCount "101"]
[EventDate "2021.08.21"]
[EventType "swiss"]
[EventRounds "9"]
[EventCountry "SVK"]
[SourceTitle "CBM 204 Extra"]
[Source "ChessBase"]
[SourceDate "2021.11.30"]
[SourceVersion "1"]
[SourceVersionDate "2021.11.30"]
[SourceQuality "1"]

1. e4 e5 2. Nf3 Nc6 3. Bc4 Nf6 4. d3 h6 5. c3 Bc5 6. h3 d6 7. 0-0 0-0 8. Nbd2 Be6 9. Bb5 Ne7 10. Ba4 a6 11. Re1 b5 12. Bc2 Ng6 13. Nf1 Qe7 14. Ng3 Rab8 15. b4 Bb6 16. Bb3 a5 17. a3 c5 18. bxc5 Bxc5 19. Bxe6 Qxe6 20. a4 b4 21. cxb4 Bxb4 22. Bd2 Rfc8 23. Bxb4 Rxb4 24. Rb1 Rbb8 25. Qd2 Ra8 26. Rb5 Rc5 27. Reb1 Qc8 28. Nf5 Rc2 29. Qd1 Rc5 30. Nxd6 Qc6 31. Nc4 Nxe4 32. Ncxe5 Nxe5 33. Nxe5 Qd5 34. dxe4 Qxe5 35. Rxc5 Qxc5 36. Rb5 Qc4 37. f3 Qc3 38. e5 Qe3+ 39. Kh1 Rc8 40. Rb1 Qxe5 41. Qd7 Rb8 42. Rxb8+ Qxb8 43. Qb5 Qc7 44. Qe8+ Kh7 45. Qe4+ Kh8 46. f4 h5 47. Qf3 g6 48. f5 Kg7 49. f6+ Kh7 50. Kg1 Qb6+ 51. Kh1 1/2-1/2

[Event "Piestany Slovakia op"]
[Site "Piestany"]
[Date "2021.07.15"]
[Round "6"]
[White "Jancicka, Viliam"]
[Black "Sevcik, Ondrej"]
[Result "1/2-1/2"]
[WhiteElo "1564"]
[BlackElo "1006"]
[PlyCount "28"]
[EventDate "2021.07.10"]
[EventType "swiss"]
[EventRounds "9"]
[EventCountry "SVK"]
[SourceTitle "CBM 203 Extra"]
[Source "ChessBase"]
[SourceDate "2021.09.30"]
[SourceVersion "1"]
[SourceVersionDate "2021.09.30"]
[SourceQuality "1"]

1. Nf3 d5 2. d4 c6 3. Bf4 e6 4. Nbd2 Nf6 5. h3 Bd6 6. Ne5 0-0 7. e3 Nbd7 8. Ndf3 Ne4 9. a3 Nxe5 10. Bxe5 Bxe5 11. Nxe5 Bd7 12. Be2 Be8 13. 0-0 f6 14. Nd3 h6 1/2-1/2

[Event "Piestany Slovakia op"]
[Site "Piestany"]
[Date "2021.07.13"]
[Round "4"]
[White "Kostic, Ivan"]
[Black "Sevcik, Ondrej"]
[Result "1/2-1/2"]
[WhiteElo "1564"]
[BlackElo "1006"]
[PlyCount "44"]
[EventDate "2021.07.10"]
[EventType "swiss"]
[EventRounds "9"]
[EventCountry "SVK"]
[SourceTitle "CBM 203 Extra"]
[Source "ChessBase"]
[SourceDate "2021.09.30"]
[SourceVersion "1"]
[SourceVersionDate "2021.09.30"]
[SourceQuality "1"]

1. d4 d5 2. e3 e6 3. c4 c6 4. a3 f5 5. b4 Nf6 6. Bb2 Bd6 7. Nd2 0-0 8. Ngf3 Bd7 9. Rc1 Be8 10. Nb3 Bh5 11. Be2 Nbd7 12. Na5 Ne4 13. Nxb7 Qc7 14. Nxd6 Qxd6 15. cxd5 cxd5 16. 0-0 Rab8 17. Rc2 Nb6 18. Ne5 Bxe2 19. Qxe2 Rf6 20. f3 Ng5 21. Rfc1 Rh6 22. Rc7 a6 1/2-1/2

[Event "EU Union-ch U08"]
[Site "Kouty nad Desnou"]
[Date "2018.08.08"]
[Round "2"]
[White "Dolnik, Michal"]
[Black "Sevcik, Ondrej"]
[Result "1-0"]
[WhiteElo "1047"]
[BlackElo "1180"]
[PlyCount "71"]
[EventDate "2018.08.07"]
[EventType "swiss"]
[EventRounds "9"]
[EventCountry "CZE"]
[SourceTitle "CBM 186 Extra"]
[Source "ChessBase"]
[SourceDate "2018.08.24"]
[SourceVersion "1"]
[SourceVersionDate "2018.08.24"]
[SourceQuality "1"]

1. e4 e5 2. Bc4 Nc6 3. c3 Nf6 4. d3 h6 5. Nf3 Bc5 6. 0-0 0-0 7. Nbd2 d6 8. a4 Bg4 9. b4 Nxb4 10. cxb4 Bxb4 11. Rb1 c5 12. Nb3 Qd7 13. Bb5 Qe6 14. Bd2 a6 15. Bc4 Qd7 16. Bxb4 cxb4 17. Nbd2 Rfc8 18. Rxb4 Rc7 19. Re1 Rac8 20. Nf1 Qc6 21. Ng3 Qc5 22. Rb1 Qa7 23. h3 Bd7 24. Nh4 Rc5 25. Nhf5 R8c6 26. Ne7+ Kf8 27. Nxc6 Bxc6 28. Qb3 Ra5 29. Bxf7 Rxa4 30. Bg6 Ke7 31. Qf7+ Kd8 32. Rec1 Qd4 33. Rxc6 Qxd3 34. Rbb6 Qd1+ 35. Kh2 Ra1 36. Qc7# 1-0

[Event "SVK-ch U08"]
[Site "Liptovsky Mikulas"]
[Date "2018.04.24"]
[Round "5"]
[White "Meszaros, Casey Ryan"]
[Black "Sevcik, Ondrej"]
[Result "1-0"]
[WhiteElo "1000"]
[BlackElo "1209"]
[PlyCount "95"]
[EventDate "2018.04.21"]
[EventType "swiss"]
[EventRounds "9"]
[EventCountry "SVK"]
[SourceTitle "CBM 184 Extra"]
[Source "ChessBase"]
[SourceDate "2018.06.28"]
[SourceVersion "1"]
[SourceVersionDate "2018.06.28"]
[SourceQuality "1"]

1. e4 e5 2. Nf3 Nc6 3. Bc4 Nf6 4. d3 Bc5 5. 0-0 h6 6. h3 0-0 7. Be3 Bb6 8. Nbd2 d6 9. Re1 Be6 10. Bb3 Qd7 11. Qe2 Nb4 12. a3 Bxb3 13. Nxb3 Nc6 14. Rad1 Na5 15. Qd2 Nxb3 16. cxb3 Qe6 17. Qc2 d5 18. exd5 Nxd5 19. Bxb6 axb6 20. Rxe5 Qd6 21. Rde1 f6 22. R5e2 Nf4 23. Rd2 f5 24. Qc4+ Kh8 25. Red1 Rfe8 26. Nh4 Re7 27. Qxf4 Qxf4 28. Ng6+ Kh7 29. Nxf4 g5 30. Nd5 Rd7 31. Nf6+ Kg7 32. Nxd7 Rd8 33. Ne5 Kf6 34. d4 Re8 35. Nd7+ Kf7 36. Kf1 Re7 37. Ne5+ Kf6 38. Re2 f4 39. Ng4+ Kf7 40. Rxe7+ Kg6 41. Rxc7 Kh5 42. d5 Kg6 43. d6 Kh5 44. d7 Kg6 45. d8Q Kh5 46. Qe8+ Kh4 47. Rh7 f3 48. Rxh6# 1-0

[Event "Liptovsky Mikulas V4 U11 op"]
[Site "Liptovsky Mikulas"]
[Date "2017.06.25"]
[Round "9"]
[White "Holestiakova, Lubana"]
[Black "Sevcik, Ondrej"]
[Result "1-0"]
[WhiteElo "1043"]
[BlackElo "1000"]
[PlyCount "53"]
[EventDate "2017.06.22"]
[EventType "swiss"]
[EventRounds "9"]
[EventCountry "SVK"]
[SourceTitle "CBM 179 Extra"]
[Source "ChessBase"]
[SourceDate "2017.08.23"]
[SourceVersion "1"]
[SourceVersionDate "2017.08.23"]
[SourceQuality "1"]

1. e4 e5 2. Nf3 Nc6 3. Nc3 Nf6 4. Bb5 Bc5 5. d3 Ng4 6. 0-0 0-0 7. h3 Nf6 8. Bg5 h6 9. Bh4 d6 10. Bxc6 bxc6 11. Bxf6 Qxf6 12. Ne2 d5 13. Ng3 Bd4 14. Nxd4 exd4 15. Nh5 Qh4 16. Qf3 dxe4 17. dxe4 Re8 18. Rad1 Rxe4 19. g3 Qe7 20. Qg2 c5 21. g4 Re2 22. g5 Rxc2 23. g6 fxg6 24. Qxg6 Rxb2 25. Rfe1 Qf8 26. Re8 Bxh3 27. Qxg7# 1-0

[Event "Liptovsky Mikulas V4 U11 op"]
[Site "Liptovsky Mikulas"]
[Date "2017.06.25"]
[Round "8"]
[White "Sevcik, Ondrej"]
[Black "Rosen, Noa"]
[Result "0-1"]
[WhiteElo "1000"]
[BlackElo "1000"]
[PlyCount "30"]
[EventDate "2017.06.22"]
[EventType "swiss"]
[EventRounds "9"]
[EventCountry "SVK"]
[SourceTitle "CBM 179 Extra"]
[Source "ChessBase"]
[SourceDate "2017.08.23"]
[SourceVersion "1"]
[SourceVersionDate "2017.08.23"]
[SourceQuality "1"]

1. e4 d5 2. exd5 c6 3. dxc6 Nxc6 4. Bb5 e5 5. Bxc6+ bxc6 6. Nf3 e4 7. Ne5 Nf6 8. Nxc6 Qd7 9. Ne5 Qe6 10. f4 Bc5 11. d3 0-0 12. dxe4 Nxe4 13. Nd3 Bb6 14. Nc3 Nxc3+ 15. Qe2 Nxe2 0-1

[Event "Liptovsky Mikulas V4 U11 op"]
[Site "Liptovsky Mikulas"]
[Date "2017.06.24"]
[Round "7"]
[White "Sevcik, Ondrej"]
[Black "Goc, Matus"]
[Result "0-1"]
[WhiteElo "1000"]
[BlackElo "1000"]
[PlyCount "58"]
[EventDate "2017.06.22"]
[EventType "swiss"]
[EventRounds "9"]
[EventCountry "SVK"]
[SourceTitle "CBM 179 Extra"]
[Source "ChessBase"]
[SourceDate "2017.08.23"]
[SourceVersion "1"]
[SourceVersionDate "2017.08.23"]
[SourceQuality "1"]

1. e4 e5 2. Nf3 Nc6 3. Bc4 Nd4 4. Nxd4 exd4 5. 0-0 Bd6 6. d3 Qh4 7. h3 Qe7 8. Bd2 Qe5 9. g3 h5 10. f4 Qe7 11. e5 Bc5 12. Re1 d5 13. Bxd5 Qd7 14. Bf3 g6 15. c3 Qxh3 16. cxd4 Bxd4+ 17. Be3 Qxg3+ 18. Kh1 Bxe3 19. Rxe3 Qh4+ 20. Kg1 Bg4 21. Nc3 Ne7 22. Nb5 0-0 23. Nxc7 Rac8 24. Nb5 Nf5 25. Re4 Qg3+ 26. Bg2 Bxd1 27. Rxd1 Nh4 28. Kf1 Qxg2+ 29. Ke1 Nf3# 0-1